000 00556cam a2200193 4500500
005 20260329005605.0
041 _afre
042 _adc
100 1 0 _aMaillard, Denis
_eauthor
245 0 0 _aVita contemplativa
260 _c2024.
500 _a63
690 _aActivité
690 _aByung-Chul Han
690 _aContemplation
690 _aRepos
786 0 _nPhilosophie magazine | 178 | 4 | 2024-04-01 | p. 50-50 | 1951-1787
856 4 1 _uhttps://shs.cairn.info/magazine-philosophie-magazine-2024-4-page-50?lang=fr&redirect-ssocas=7080
999 _c1844802
_d1844802